O piquenique do Tomás (Registo nº 3664)

Detalhes MARC
000 -Etiqueta do registo
Cabeçalho 00710nam0a2200253 4500
005 - Identificador da versão
Campo de controlo 20240813122039.0
010 ## - Número internacional normalizado dos livros (ISBN)
Número (ISBN) 9789727930548
100 ## - Dados gerais de processamento
Dados gerais de processamento 20161110d2008 c y0pory5003 ba
102 ## - Pais de publicação ou produção
País de publicação Portugal
101 0# - Língua de publicação
Língua do texto, banda sonora, etc. Português
215 ## - Descrição física 
Indicação específica da natureza do documento e extensão da espécie [28] p.
Outras indicações físicas il. color
200 1# - Titulo e menção de responsabilidade
Título próprio O piquenique do Tomás
Primeira menção de responsabilidade Helena Simas
Outras menções de responsabilidade il. Helena Simas
205 ## - Menção da edição
Menção da edição 2ª ed
210 ## - Publicação, Distribuição, etc. 
Lugar da edição, distribuição, etc. Estoril
Nome do editor, distribuidor, etc. Minutos de Leitura
Data da publicação, distribuição, etc. cop. 2006
Data da impressão imp. 2008
300 ## - Notas gerais 
Texto da nota PNL
606 ## - Nome comum usado como assunto
Número de registo de entrada de autoridade 0001335
Palavra de ordem Literatura portuguesa
Subdivisão de assunto Conto
Código do sistema CA
675 ## - Classificação Decimal Universal (CDU)
Notação 821.134.3-34
Edição 3ª ed.
Língua da edição por
702 #1 - Nome de autor-pessoa física (responsabilidade secundária)
Número de registo de entrada de autoridade 0000014
Palavra de ordem Simas
Outra parte do nome não tomada para palavra de ordem Helena
Código de função Ilustrador / Técnico de desenho computorizado
700 #1 - Nome de autor-pessoa física (responsabilidade principal)
Número de registo de entrada de autoridade 0000014
Palavra de ordem Simas
Outra parte do nome não tomada para palavra de ordem Helena
966 ## - Identificação da Biblioteca
Sigla EBVEN
942 ## - Elementos de entrada adicionados (Koha)
Tipo de item no Koha Livro
Exemplares
Situação do levantamento Origin of item (home branch) (coded) Biblioteca de empréstimo Código de barras Cota Circulation type (not for loan) Tipo de documento Nota do exemplar Damaged status
  Biblioteca Escolar das Vendas Biblioteca Escolar das Vendas BEV2013 8POR SIM PNL   Livro Sem mensagem  
  Biblioteca Escolar das Vendas Biblioteca Escolar das Vendas BEV2012 8POR SIM PNL   Livro Sem mensagem  
  Biblioteca Escolar das Vendas Biblioteca Escolar das Vendas BEV2011 8POR SIM PNL   Livro Sem mensagem  
  Biblioteca Escolar das Vendas Biblioteca Escolar das Vendas BEV2009 8POR SIM PNL   Livro Sem mensagem  
  Biblioteca Escolar das Vendas Biblioteca Escolar das Vendas BEV2008 8POR SIM PNL   Livro Sem mensagem  
  Biblioteca Escolar das Vendas Biblioteca Escolar das Vendas BEV2007 8POR SIM PNL   Livro Sem mensagem  
  Biblioteca Escolar das Vendas Biblioteca Escolar das Vendas BEV2006 8POR SIM PNL   Livro Sem mensagem  
  Biblioteca Escolar das Vendas Biblioteca Escolar das Vendas BEV2005 8POR SIM PNL   Livro Sem mensagem  
  Biblioteca Escolar das Vendas Biblioteca Escolar das Vendas BEV2004 8POR SIM PNL   Livro Sem mensagem  
  Biblioteca Escolar das Vendas Biblioteca Escolar das Vendas BEV2003 8POR SIM PNL   Livro Sem mensagem  
  Biblioteca Escolar das Vendas Biblioteca Escolar das Vendas BEV2002 8POR SIM PNL   Livro Sem mensagem